000 00297nam a22001337a 4500
008 170731b xxu||||| |||| 00| 0 eng d
020 _a9780073002460
041 _aeng
080 _a004
100 _a32
101 _aSHKI
245 _aFUNDAMENTALS OF COMPUTING
_cTUCKER, A.B
942 _2udc
_cBK
999 _c22206
_d22206